[Event "29th Czech Open A 2018"]
[Site "Pardubice CZE"]
[Date "2018.07.28"]
[Round "9.56"]
[White "Lalic, Bogdan"]
[Black "Stepan, Patrik"]
[Result "1/2-1/2"]
[WhiteElo "2394"]
[BlackElo "2217"]
[EventDate "2018.07.21"]

1. d4 Nf6 2. Nf3 e6 3. g3 c5 4. Bg2 cxd4 5. O-O d5 6. Nxd4 e5 7. Nf3 Nc6 8.
c4 d4 9. e3 Be7 10. exd4 exd4 11. Bf4 O-O 12. Ne5 Qb6 13. Qb3 Qxb3 14. axb3
Nb4 15. Na3 Bc5 16. Rfd1 Rd8 17. Bd2 a5 18. Nb5 Ra6 19. Nc7 Ra7 20. Bxb4
axb4 21. Rxa7 Bxa7 22. Nd3 Bg4 23. Rd2 Bb6 24. Nd5 Nxd5 25. Bxd5 Bf5 26.
Bxb7 Bxd3 27. Rxd3 Rd7 28. Bd5 Ra7 29. Kf1 Ra1+ 30. Ke2 Kf8 31. Rf3 f6 32.
Rd3 Ke7 33. h4 h5 34. Rd2 Bc5 35. Kd3 Re1 36. Be4 Kf7 37. Re2 Rxe2 38. Kxe2
g6 39. f4 f5 1/2-1/2

[Event "29th Czech Open A 2018"]
[Site "Pardubice CZE"]
[Date "2018.07.28"]
[Round "9.58"]
[White "Lye, Lik Zang"]
[Black "Skliarov, Viktor"]
[Result "1/2-1/2"]
[WhiteElo "2270"]
[BlackElo "2357"]
[EventDate "2018.07.21"]

1. d4 Nf6 2. c4 e6 3. Nf3 b6 4. g3 Bb7 5. Bg2 Be7 6. O-O O-O 7. Nc3 Ne4 8.
Bd2 Bf6 9. Rc1 d6 10. d5 Nxd2 11. Qxd2 e5 12. Ne1 Nd7 13. Nd3 g6 14. Nb4 a6
15. Nc6 Qe8 16. b4 Bg7 17. e4 Nb8 18. Nxb8 Rxb8 19. c5 bxc5 20. bxc5 a5 21.
Qd3 dxc5 22. Qc4 Qe7 23. Na4 c6 24. Qxc5 Qxc5 25. Rxc5 cxd5 26. exd5 Ba6
27. Rd1 Be2 28. Re1 Bb5 29. Nc3 Bd7 30. Rxa5 e4 31. Rc5 f5 32. Rc7 1/2-1/2

[Event "29th Czech Open A 2018"]
[Site "Pardubice CZE"]
[Date "2018.07.28"]
[Round "9.59"]
[White "Sprenar, Petr"]
[Black "Tate, Alan"]
[Result "0-1"]
[WhiteElo "2192"]
[BlackElo "2352"]
[EventDate "2018.07.21"]

1. d4 Nf6 2. c4 e6 3. g3 c5 4. d5 exd5 5. cxd5 d6 6. Nc3 g6 7. Bg2 Bg7 8.
Nf3 O-O 9. O-O Re8 10. Bf4 Bf5 11. Nd2 Nh5 12. e4 Nxf4 13. gxf4 Bd7 14. Nc4
Bxc3 15. bxc3 Bb5 16. Qb3 Bxc4 17. Qxc4 Nd7 18. Rab1 Qh4 19. Rxb7 Nf6 20.
Qd3 Qxf4 21. Re1 Re5 22. Qf3 Qh4 23. Re3 Rg5 24. Kf1 Rg4 25. e5 dxe5 26.
Rxe5 Rf8 27. Qh3 Qxh3 28. Bxh3 Rc4 29. Rxa7 Rxc3 30. Bg2 Rb8 31. Ree7 Rb2
32. Re2 Rc1+ 33. Re1 Rcc2 34. Kg1 Rxf2 35. Bh1 Nh5 36. Re8+ Kg7 37. Ree7 c4
38. d6 c3 39. Rac7 Rfd2 40. Rxf7+ Kh6 41. Rxc3 Rxa2 42. d7 Rd1+ 43. Rf1
Rxd7 44. Rcf3 Rd4 45. R3f2 Rg4+ 46. Bg2 Raa4 47. Kh1 Rh4 48. Re1 Nf4 49.
Re4 Rxe4 50. Bxe4 Nh3 0-1

[Event "29th Czech Open A 2018"]
[Site "Pardubice CZE"]
[Date "2018.07.28"]
[Round "9.60"]
[White "Krykun, Yuriy"]
[Black "Moravec, Vit"]
[Result "1/2-1/2"]
[WhiteElo "2345"]
[BlackElo "2189"]
[EventDate "2018.07.21"]

1. Nf3 Nf6 2. c4 e6 3. b3 d5 4. e3 Nbd7 5. Bb2 Bd6 6. Nc3 c6 7. d4 O-O 8.
Be2 Ne4 9. Nxe4 dxe4 10. Nd2 f5 11. c5 Bc7 12. Nc4 Nf6 13. O-O Nd5 14. Ne5
Bd7 15. Bc4 Be8 16. Qe2 Qg5 17. Bxd5 1/2-1/2

[Event "29th Czech Open A 2018"]
[Site "Pardubice CZE"]
[Date "2018.07.28"]
[Round "9.61"]
[White "Priyanka, Nutakki"]
[Black "Mueller, Ralf"]
[Result "1-0"]
[WhiteElo "2180"]
[BlackElo "2335"]
[EventDate "2018.07.21"]

1. e4 Nf6 2. e5 Nd5 3. c4 Nb6 4. c5 Nd5 5. Nc3 e6 6. Nxd5 exd5 7. d4 d6 8.
cxd6 cxd6 9. Nf3 Nc6 10. Be2 Be7 11. O-O O-O 12. Bf4 Bg4 13. h3 Bh5 14. g4
Bg6 15. Qb3 Be4 16. Qxb7 Bxf3 17. Bxf3 Nxd4 18. Qxd5 Nxf3+ 19. Qxf3 dxe5
20. Bxe5 Qb6 21. Rac1 Bc5 22. Rc4 Rfe8 23. Bxg7 Kxg7 24. Qc3+ Qf6 25. Qxf6+
Kxf6 26. Rxc5 Re2 27. Rf5+ Kg6 28. Rc1 f6 29. Rc6 1-0

[Event "29th Czech Open A 2018"]
[Site "Pardubice CZE"]
[Date "2018.07.28"]
[Round "9.62"]
[White "Neuman, Petr"]
[Black "Michelle Catherina, P"]
[Result "1-0"]
[WhiteElo "2440"]
[BlackElo "2069"]
[EventDate "2018.07.21"]

1. c4 Nf6 2. g3 e6 3. Bg2 d5 4. Nf3 dxc4 5. Qa4+ c6 6. Qxc4 b5 7. Qc2 Bb7
8. a4 a6 9. O-O Nbd7 10. d4 c5 11. Bg5 Rc8 12. axb5 axb5 13. Bxf6 gxf6 14.
dxc5 Bxc5 15. Qd3 b4 16. Nbd2 O-O 17. Ne4 f5 18. Nxc5 Nxc5 19. Qe3 Bxf3 20.
Bxf3 Qf6 21. Ra5 Nd7 22. Qd2 Ne5 23. Qxb4 Rc2 24. Rb5 Nxf3+ 25. exf3 Rd8
26. Qf4 Rd4 27. Qe3 Rdd2 28. b4 Re2 29. Qa7 Kg7 30. Rb8 Ra2 31. Qc5 Qe5 32.
Qf8+ Kg6 33. f4 Qg7 34. Qe7 h6 35. b5 Rab2 36. b6 Rb3 37. b7 Reb2 38. Kg2
Rb6 39. Rd1 f6 40. Qxg7+ Kxg7 41. Rd7+ Kg6 42. h3 R2b5 43. Rg8+ Kh5 44. Rh7
1-0

[Event "29th Czech Open A 2018"]
[Site "Pardubice CZE"]
[Date "2018.07.28"]
[Round "9.63"]
[White "Domogaev, Sergey"]
[Black "Jedlicka, Ales"]
[Result "1-0"]
[WhiteElo "2414"]
[BlackElo "2221"]
[EventDate "2018.07.21"]

1. d4 Nf6 2. c4 e6 3. Nc3 Bb4 4. e3 O-O 5. Bd3 c5 6. a3 Bxc3+ 7. bxc3 Nc6
8. Nf3 b6 9. O-O Ba6 10. e4 Ne8 11. e5 f5 12. exf6 Nxf6 13. d5 exd5 14.
cxd5 Bxd3 15. Qxd3 Ne7 16. c4 Ng6 17. g3 Qc7 18. Bb2 Rae8 19. Rae1 Qd6 20.
a4 Rxe1 21. Rxe1 Re8 22. Rxe8+ Nxe8 23. Ng5 Nf6 24. h4 a6 25. Qf3 h6 26.
Ne4 Nxe4 27. Qxe4 Nf8 28. Qe5 Qg6 29. h5 Qf7 30. Kg2 d6 31. Qxd6 Qxh5 32.
Qxb6 Qe2 33. Qb7 Qe4+ 34. Kh2 Qg4 35. Qe7 Nh7 36. d6 Nf8 37. Qe5 Nd7 38.
Qd5+ Kh7 39. Qf7 Nb8 40. Qd5 Nd7 41. a5 Qg6 42. Qd1 Qe4 43. Qb3 Qe2 44. Kg2
Qe6 45. Qc3 Qe4+ 46. Qf3 Qg6 47. Qd5 h5 48. Kf3 Qg4+ 49. Ke3 Kh6 50. Qf7
Kh7 51. f3 Qxg3 52. Qxd7 Qe1+ 53. Kf4 Qd2+ 54. Ke4 Qxb2 55. Qf5+ Kh6 56.
Qxc5 Qc2+ 57. Kd5 Qf5+ 58. Kc6 Qxf3+ 59. Kb6 Qd3 60. Kc7 Qg3 61. Kc8 Qg4+
62. d7 h4 63. Kc7 1-0

[Event "29th Czech Open A 2018"]
[Site "Pardubice CZE"]
[Date "2018.07.28"]
[Round "9.65"]
[White "Tomazini, Zan"]
[Black "Bharath, Subramaniyam H"]
[Result "1-0"]
[WhiteElo "2406"]
[BlackElo "2231"]
[EventDate "2018.07.21"]

1. e4 c5 2. Nf3 e6 3. c3 Nf6 4. e5 Nd5 5. d4 cxd4 6. cxd4 d6 7. Bc4 Nc6 8.
O-O Be7 9. Qe2 O-O 10. Nc3 Nxc3 11. bxc3 dxe5 12. dxe5 Qc7 13. Qe4 Rd8 14.
Re1 b6 15. Ng5 g6 16. Qh4 h5 17. Bb3 Bb7 18. Qg3 Bf8 19. Nxe6 fxe6 20.
Qxg6+ Qg7 21. Bxe6+ Kh8 22. Qxh5+ Qh7 23. Qg4 Be7 24. Re3 Rg8 25. Bxg8 Rxg8
26. Qd7 Rd8 27. Qg4 Rg8 28. Qh3 Bh4 29. f3 Na5 30. Re2 Nc4 31. Bf4 Be7 32.
Qxh7+ Kxh7 33. Bg3 Rd8 34. Bf2 Rd3 35. Bd4 Kg6 36. a4 Na5 37. Ree1 Nb3 38.
Rad1 Rxd1 39. Rxd1 Bc6 40. Be3 Kf5 41. Re1 Bxa4 42. g4+ Kg6 43. f4 Bd7 44.
e6 Bxe6 45. f5+ Bxf5 46. gxf5+ Kf7 47. Rb1 Na5 48. Bd4 Nc6 49. Kf2 Bd6 50.
h3 Ne7 51. Rb5 Bc7 52. f6 Nc6 53. Rh5 Nxd4 54. Rh7+ Kxf6 55. cxd4 Bb8 56.
Rb7 Bd6 57. Rxa7 b5 58. Ra6 Ke6 59. Ke3 b4 60. h4 Kd5 61. Rxd6+ Kxd6 62. h5
b3 63. Kd3 Ke6 64. Kc3 Kf6 65. d5 Ke5 66. h6 Kf6 67. d6 Ke6 68. h7 b2 69.
Kxb2 Kxd6 70. h8=Q 1-0

[Event "29th Czech Open A 2018"]
[Site "Pardubice CZE"]
[Date "2018.07.28"]
[Round "9.66"]
[White "Nikologorsky, Matfei"]
[Black "Chekletsov, Ilya"]
[Result "1/2-1/2"]
[WhiteElo "2222"]
[BlackElo "2395"]
[EventDate "2018.07.21"]

1. e4 c5 2. Nf3 d6 3. d4 cxd4 4. Nxd4 Nf6 5. Nc3 g6 6. Be3 Bg7 7. f3 O-O 8.
Qd2 Nc6 9. O-O-O d5 10. exd5 Nxd5 11. Nxc6 bxc6 12. Bd4 Bxd4 13. Qxd4 Qb6
14. Na4 Qc7 15. Bc4 Rd8 16. Nc5 Bf5 17. Bb3 Nf4 18. Qf2 Rxd1+ 19. Rxd1 Rd8
20. Rxd8+ Qxd8 21. g3 Qd4 22. Qxd4 Ne2+ 23. Kd1 Nxd4 24. f4 Nf3 25. h4 Bg4
26. Kc1 Nd4 27. Nd3 Nxb3+ 28. axb3 f6 29. Kd2 Kf7 30. Ke3 Ke6 31. c3 Kd5
32. c4+ Kd6 33. b4 Bf5 34. Nc5 Bc2 35. Nb7+ Ke6 36. Na5 Kd7 37. Kd2 Be4 38.
Ke3 Bh1 39. Nb3 h5 40. Nd4 e5 41. fxe5 fxe5 42. Ne2 Ke6 43. Nc3 Kf5 44. b5
cxb5 45. Nxb5 a5 46. Nd6+ Kg4 47. Ne4 Kf5 48. Nd6+ Kg4 49. Ne4 Kf5 1/2-1/2

[Event "29th Czech Open A 2018"]
[Site "Pardubice CZE"]
[Date "2018.07.28"]
[Round "9.67"]
[White "Humburg, Philipp"]
[Black "Reuker, Jari"]
[Result "0-1"]
[WhiteElo "2225"]
[BlackElo "2377"]
[EventDate "2018.07.21"]

1. d4 Nf6 2. c4 e6 3. Nf3 Bb4+ 4. Bd2 a5 5. g3 d6 6. Nc3 Nbd7 7. Qc2 b6 8.
Bg2 Bb7 9. O-O O-O 10. Rfd1 Qe7 11. a3 Bxc3 12. Bxc3 Be4 13. Qa4 c6 14. Nd2
b5 15. Qb3 a4 16. Qa2 Bxg2 17. Kxg2 Nb6 18. cxb5 cxb5 19. Rac1 Rfc8 20. e4
Nc4 21. Nxc4 Rxc4 22. f3 Rac8 23. Qb1 d5 24. e5 Nd7 25. Qd3 Nb8 26. Ra1 Nc6
27. h4 Qa7 28. h5 h6 29. Rd2 Qb6 30. g4 Qd8 31. Kh3 Qg5 32. Kg3 f5 33. exf6
Qxf6 34. Qe3 Rf8 35. Re1 Kh8 36. f4 Rf7 37. Rf1 g6 38. hxg6 Qxg6 39. Rh1
Ne7 40. Qe5+ Rg7 41. g5 Nf5+ 42. Kf3 Kg8 43. Rg2 Kf7 44. Qb8 h5 45. Qa7+
Ne7 46. Re2 Kg8 47. Qb8+ Rc8 48. Qe5 Kf7 49. Bb4 Nf5 50. Bc5 h4 51. Kf2 Re8
52. Rh3 Kg8 53. Re1 Rh7 54. Qe2 Ng3 55. Qxb5 Ne4+ 56. Kg2 Ra8 57. b4 Qf5
58. Qf1 Qg4+ 59. Kh2 Rf7 60. Qf3 Qxf4+ 61. Qxf4 Rxf4 62. Rg1 Kg7 63. g6 Rh8
64. b5 Rf2+ 65. Rg2 Rxg2+ 66. Kxg2 Kxg6 67. b6 Kh5 68. Be7 Ng5 69. Bd6 Kg4
70. Re3 h3+ 71. Kh1 Ne4 72. Bc7 h2 73. Bxh2 e5 74. Kg2 Rb8 75. dxe5 Rxb6
76. Rd3 Rb2+ 77. Kg1 Rb1+ 78. Kg2 Rb2+ 79. Kg1 Ng5 80. Rd4+ Kf3 81. Kh1
Rb1+ 82. Bg1 Kg3 83. Rb4 Re1 84. Rb2 Nf3 85. Rg2+ Kf4 86. e6 Rxe6 87. Rg8
Rh6+ 88. Kg2 Nxg1 89. Kxg1 Rh3 90. Kf2 Rxa3 91. Ke2 Ke5 92. Kd2 Kd4 93.
Rg4+ Kc5 94. Kc2 d4 95. Rg8 Ra2+ 96. Kd3 Ra3+ 97. Kc2 Rc3+ 98. Kd2 Rb3 99.
Rd8 Kc4 100. Rd7 Rb2+ 101. Kc1 Rh2 102. Ra7 Kc3 103. Rc7+ Kd3 104. Ra7 Rc2+
105. Kd1 Rc4 106. Ra8 Kc3 107. Kc1 Kb3+ 108. Kb1 d3 109. Rd8 Kc3 110. Kc1
a3 111. Ra8 Kb3+ 112. Kd2 a2 113. Kxd3 Ra4 114. Rb8+ Ka3 115. Kc2 a1=Q 116.
Rb3+ Ka2 117. Ra3+ Kxa3 0-1

[Event "29th Czech Open A 2018"]
[Site "Pardubice CZE"]
[Date "2018.07.28"]
[Round "9.68"]
[White "Furman, Boris"]
[Black "Hoefelsauer, Thomas"]
[Result "1/2-1/2"]
[WhiteElo "2214"]
[BlackElo "2361"]
[EventDate "2018.07.21"]

1. d4 d6 2. Nf3 Bg4 3. c4 e6 4. Nc3 Nf6 5. Bg5 Bxf3 6. gxf3 Be7 7. e4 c6 8.
Be3 d5 9. Qb3 Qb6 10. Rg1 g6 11. c5 Qc7 12. e5 Nh5 13. f4 b6 14. cxb6 Qxb6
15. Bd3 Qxb3 16. axb3 a5 17. Na4 Na6 18. Kd2 O-O 19. f5 exf5 20. Bxf5 Ng7
21. Bd7 1/2-1/2

[Event "29th Czech Open A 2018"]
[Site "Pardubice CZE"]
[Date "2018.07.28"]
[Round "9.69"]
[White "Meissner, Felix"]
[Black "Gan-Erdene, Sugar"]
[Result "0-1"]
[WhiteElo "2354"]
[BlackElo "2247"]
[EventDate "2018.07.21"]

1. e4 c5 2. Nc3 Nc6 3. Bb5 Nd4 4. Nf3 e6 5. O-O g6 6. Nxd4 cxd4 7. Ne2 Bg7
8. c3 a6 9. Bd3 dxc3 10. dxc3 Ne7 11. Bg5 h6 12. Bh4 O-O 13. Qb3 d6 14. f4
Qc7 15. Rae1 b5 16. Kh1 Nc6 17. f5 Ne5 18. f6 Nxd3 19. fxg7 Kxg7 20. Bf6+
Kh7 21. Rd1 Nc5 22. Qc2 Bb7 23. Rf4 d5 24. exd5 exd5 25. Qc1 Ne4 26. Rdf1
Rae8 27. Nd4 Bc8 28. Rh4 h5 29. Rhf4 Qc4 30. Nf3 Qd3 31. Kg1 Bg4 32. Ne5
Qd2 33. Nxg4 Qxc1 34. Rxc1 hxg4 35. Rcf1 Re6 36. Bd4 f5 37. Rd1 g5 38. Rff1
f4 39. Rd3 Kg6 40. Rfd1 f3 41. Ba7 Re7 42. gxf3 gxf3 43. Bb6 f2+ 44. Kg2
Rb7 45. Bd4 Rbf7 46. Kf1 Rf5 47. Bb6 R8f7 48. Rxd5 Rxd5 49. Rxd5 g4 50. Rd3
Rh7 51. Bxf2 Rxh2 52. Be1 Rxb2 53. Rd4 Kf5 54. a4 Kf4 55. axb5 axb5 56. Rd8
Ke3 57. Rg8 Rb1 58. Rxg4 Nd2+ 59. Kg2 Rxe1 0-1

[Event "29th Czech Open A 2018"]
[Site "Pardubice CZE"]
[Date "2018.07.28"]
[Round "9.70"]
[White "Fataliyeva, Ulviyya"]
[Black "Volotovsky, Kirill"]
[Result "1-0"]
[WhiteElo "2344"]
[BlackElo "2214"]
[EventDate "2018.07.21"]

1. e4 e5 2. Nf3 Nc6 3. Bb5 a6 4. Ba4 Nf6 5. d3 b5 6. Bb3 Be7 7. O-O O-O 8.
a4 Bb7 9. Re1 d6 10. Nbd2 Na5 11. Ba2 c5 12. Nf1 h6 13. Ng3 Re8 14. Nh4
Nxe4 15. dxe4 Bxh4 16. Nf5 Qf6 17. Bd2 Nc6 18. Qh5 Bg5 19. Bxg5 hxg5 20.
Nxd6 Re7 21. Nxb7 Rxb7 22. Bd5 g6 23. Qh6 Rc8 24. axb5 axb5 25. Bxc6 Qxc6
26. Qxg5 Qe6 27. Red1 Kg7 28. Rd5 Re7 29. Rad1 Rc6 30. g3 b4 31. h4 f6 32.
Qe3 c4 33. Rb5 c3 34. b3 Rd6 35. Rxd6 Qxd6 36. Rd5 Qa6 37. Qc5 Qb7 38. Rd8
Rf7 39. Qc4 Qc7 40. Qd3 Qb7 41. g4 Qa7 42. Kg2 Qe7 43. Rd6 Qb7 44. h5 gxh5
45. gxh5 Kh7 46. Kh2 Qe7 47. Kg2 Qf8 48. Rd8 Qh6 49. Qf3 f5 50. Rd1 Qg5+
51. Kf1 fxe4 52. Qxf7+ 1-0

[Event "29th Czech Open A 2018"]
[Site "Pardubice CZE"]
[Date "2018.07.28"]
[Round "9.71"]
[White "Bente, Bjoern"]
[Black "Mencinger, Vojko"]
[Result "0-1"]
[WhiteElo "2219"]
[BlackElo "2342"]
[EventDate "2018.07.21"]

1. e4 c5 2. Nf3 d6 3. d4 cxd4 4. Nxd4 Nf6 5. Nc3 a6 6. h3 e6 7. g4 h6 8.
Bg2 Qc7 9. Be3 Nc6 10. Nb3 b5 11. f4 Bb7 12. O-O Be7 13. Qe1 Nd7 14. Qf2
Rc8 15. a3 Na5 16. Nxa5 Qxa5 17. Rad1 Rc4 18. e5 Bxg2 19. Kxg2 Qc7 20. exd6
Bxd6 21. Qd2 Bxa3 22. bxa3 Rxc3 23. Rf2 Nf6 24. Re2 Nd5 0-1

[Event "29th Czech Open A 2018"]
[Site "Pardubice CZE"]
[Date "2018.07.28"]
[Round "9.72"]
[White "Kulkarni, Chinmay"]
[Black "Geller, Anastasiya"]
[Result "1-0"]
[WhiteElo "2336"]
[BlackElo "2203"]
[EventDate "2018.07.21"]

1. e4 c6 2. d4 d5 3. Nd2 dxe4 4. Nxe4 Bf5 5. Ng3 Bg6 6. Bc4 e6 7. N1e2 Nf6
8. Nf4 Bd6 9. c3 Qc7 10. Qf3 Nd5 11. Nfh5 O-O 12. h4 f5 13. O-O f4 14. Ne4
Rf5 15. Ng5 h6 16. Nxe6 Bxh5 17. Nxc7 Bxf3 18. Nxa8 Bg4 19. Bb3 Kh8 20. c4
Nf6 21. c5 1-0

[Event "29th Czech Open A 2018"]
[Site "Pardubice CZE"]
[Date "2018.07.28"]
[Round "9.73"]
[White "Baskakov, Egor"]
[Black "Cerveny, Petr"]
[Result "1/2-1/2"]
[WhiteElo "2203"]
[BlackElo "2319"]
[EventDate "2018.07.21"]

1. e4 c5 2. Nf3 Nc6 3. Nc3 g6 4. d4 cxd4 5. Nxd4 Bg7 6. Nde2 Nf6 7. g3 b5
8. a3 Rb8 9. Bg2 d6 10. O-O O-O 11. h3 a5 12. Be3 b4 13. axb4 axb4 14. Nb1
Bb7 15. Nd4 Nxd4 16. Bxd4 e5 17. Ba7 Rc8 18. Nd2 Qc7 19. Be3 Qxc2 20. Ra7
Qxd1 21. Rxd1 Rb8 22. Rc1 Rfc8 23. Rxc8+ Bxc8 24. Nc4 Bf8 25. Na5 Be6 26.
Nc6 Rc8 27. Nxb4 Rc4 28. Nd5 Nxd5 29. exd5 Bf5 30. Rb7 Bd3 31. Rb3 Be2 32.
Rb8 Kg7 33. Bf1 Bxf1 34. Kxf1 Be7 35. Ke2 e4 36. b3 Rc2+ 37. Kd1 Ra2 38. b4
h6 39. Re8 Bg5 40. Bxg5 hxg5 41. Ke1 f5 42. Re7+ Kh6 43. g4 Rb2 44. Re6 Kg7
45. Rxd6 Rxb4 46. Rd7+ Kf6 47. Rd6+ Kf7 48. Rd7+ Kf6 49. Rd6+ Kf7 1/2-1/2

[Event "29th Czech Open A 2018"]
[Site "Pardubice CZE"]
[Date "2018.07.28"]
[Round "9.74"]
[White "Risting, Eivind Olav"]
[Black "Bartos, Jan"]
[Result "1/2-1/2"]
[WhiteElo "2317"]
[BlackElo "2153"]
[EventDate "2018.07.21"]

1. Nf3 Nf6 2. c4 e6 3. g3 d5 4. Bg2 dxc4 5. Qa4+ Bd7 6. Qxc4 c5 7. O-O Bc6
8. Nc3 Nbd7 9. a4 Be7 10. e4 Ng4 11. d4 cxd4 12. Nxd4 Nde5 13. Nxc6 Nxc4
14. Nxd8 Rxd8 15. Bf3 1/2-1/2

[Event "29th Czech Open A 2018"]
[Site "Pardubice CZE"]
[Date "2018.07.28"]
[Round "9.76"]
[White "Berzina, Ilze"]
[Black "Krapivin, Vladislav"]
[Result "0-1"]
[WhiteElo "2173"]
[BlackElo "2310"]
[EventDate "2018.07.21"]

1. e4 d6 2. d4 Nf6 3. Nc3 e5 4. Nf3 Nbd7 5. Bc4 Be7 6. O-O O-O 7. Re1 c6 8.
a4 exd4 9. Nxd4 Ne5 10. Ba2 Re8 11. h3 Bf8 12. Be3 Bd7 13. f4 Ng6 14. Qd3
Rc8 15. Nf3 Be6 16. Bxe6 Rxe6 17. f5 Ne5 18. Nxe5 Rxe5 19. Bf4 Re8 20. Rad1
Qa5 21. Kh1 Rcd8 22. Qf3 Qb4 23. Re3 d5 24. e5 d4 25. Na2 Qxb2 26. Rb3 Qxa2
27. exf6 Qxc2 28. fxg7 Bxg7 29. Rbd3 Qe2 30. Qg3 Kh8 31. Qh4 Qe7 32. Bg5 f6
33. Bh6 c5 34. Bf4 Qf7 35. Qf2 Qd5 36. Bc7 Rd7 37. Bg3 Rde7 38. Bh4 Re2 39.
Qg3 Qe4 40. Rf3 b6 41. Rf4 Qc2 42. Rdf1 Qxa4 43. Qg4 Qc6 44. R1f3 R2e3 45.
Qh5 Rxf3 46. Rxf3 Re4 47. Qf7 Qe8 48. Qc7 Rxh4 49. Rg3 Bf8 50. Qxa7 Rf4 51.
Qxb6 Rxf5 52. Qc7 Rf1+ 53. Kh2 Qe1 0-1

[Event "29th Czech Open A 2018"]
[Site "Pardubice CZE"]
[Date "2018.07.28"]
[Round "9.77"]
[White "Haring, Filip"]
[Black "Svanda, Ondrej"]
[Result "0-1"]
[WhiteElo "2310"]
[BlackElo "2111"]
[EventDate "2018.07.21"]

1. e4 c5 2. Nf3 g6 3. Nc3 Nc6 4. d4 cxd4 5. Nxd4 Bg7 6. Be3 Nf6 7. Bc4 O-O
8. Bb3 a5 9. O-O d6 10. f3 Nxd4 11. Bxd4 Bd7 12. a4 Bc6 13. Kh1 Nd7 14.
Bxg7 Kxg7 15. Qd4+ Kg8 16. Rae1 Qb6 17. Qd1 Nc5 18. f4 Qb4 19. f5 Rad8 20.
Na2 Qb6 21. Nc3 Qb4 22. Re3 Nxb3 23. cxb3 Qc5 24. Qc1 Qe5 25. Rh3 Qg7 26.
Qd2 Rd7 27. Rhf3 Qe5 28. Qh6 Qg7 29. Qh3 Rdd8 30. Qh4 Rfe8 31. Qf2 Rf8 32.
Qb6 Qe5 33. Qf2 Qg7 34. Qe2 Qe5 35. Qc4 d5 36. exd5 Bxd5 37. Qb5 f6 38. Rg3
Bf7 39. fxg6 hxg6 40. Qxe5 fxe5 41. h3 Rd2 42. Rb1 Be8 43. Ne4 Rc2 44. Rg5
Rf5 45. Rg4 Rf4 46. Re1 Rxg4 47. hxg4 Bc6 48. Kh2 Rxb2 49. Re3 Bd5 50. Nc5
Rxg2+ 51. Kh3 Rc2 52. Nd7 e4 53. Kh4 Kg7 54. Kg5 Bc6 55. Ne5 e6 56. Nxc6
Rxc6 57. Rxe4 Rc5+ 58. Kh4 Kf6 59. Rf4+ Ke7 60. Rf3 e5 61. Re3 Kf6 62. Rf3+
Ke6 63. Re3 Kd5 64. Rd3+ Ke4 65. Rd7 b5 66. Kg5 bxa4 67. bxa4 Rc6 68. Ra7
Kf3 69. Rf7+ Ke3 70. Rf6 Rxf6 71. Kxf6 Kf4 72. g5 e4 73. Kxg6 e3 74. Kh6 e2
75. g6 e1=Q 76. g7 Qe8 0-1

[Event "29th Czech Open A 2018"]
[Site "Pardubice CZE"]
[Date "2018.07.28"]
[Round "9.78"]
[White "Nun, Jiri"]
[Black "Polgar-Shutzman, Tom"]
[Result "1/2-1/2"]
[WhiteElo "2306"]
[BlackElo "2076"]
[EventDate "2018.07.21"]

1. e4 c5 2. Nf3 Nc6 3. Bb5 Nf6 4. Bxc6 dxc6 5. d3 Bg4 6. Nbd2 Nd7 7. h3 Bh5
8. Nf1 e5 9. Ng3 Bxf3 10. Qxf3 g6 11. O-O Bg7 12. Be3 Qe7 13. a3 Nf8 14. b4
Ne6 15. Rab1 O-O 16. bxc5 Nxc5 17. h4 h5 18. Bg5 Qd7 19. Be3 Ne6 20. Ne2
Nd4 21. Nxd4 exd4 22. Bd2 c5 23. Qg3 b6 24. f4 Bh6 25. Rf2 Kh7 26. f5 Bxd2
27. Rxd2 Rg8 28. Qf3 Kh6 29. Rf1 Qd6 30. Rdf2 g5 31. hxg5+ Kxg5 32. Qe2 Kf6
33. Rf3 Rg5 34. Rh3 Rag8 35. Rf2 Rh8 36. Rff3 Rhg8 37. Rf2 Rh8 1/2-1/2

[Event "29th Czech Open A 2018"]
[Site "Pardubice CZE"]
[Date "2018.07.28"]
[Round "9.79"]
[White "Heinemann, Josefine"]
[Black "Fisar, Josef"]
[Result "1-0"]
[WhiteElo "2294"]
[BlackElo "2073"]
[EventDate "2018.07.21"]

1. e4 c5 2. Nf3 Nc6 3. d4 cxd4 4. Nxd4 g6 5. c4 Nf6 6. Nc3 Bg7 7. Be3 Ng4
8. Qxg4 Nxd4 9. Qd1 Ne6 10. Rc1 Qa5 11. a3 O-O 12. Be2 d6 13. O-O Re8 14.
f4 Bd7 15. f5 Nc5 16. f6 Bxf6 17. Rxf6 exf6 18. b4 Qd8 19. bxc5 dxc5 20.
Bxc5 Qa5 21. Bd4 Bc6 22. Bf3 Re6 23. Nd5 Rd8 24. Bc3 Qxa3 25. Nxf6+ Kg7 26.
Nd5+ Kg8 27. Nf6+ Kg7 28. Nh5+ Kh6 29. Bg7+ 1-0

[Event "29th Czech Open A 2018"]
[Site "Pardubice CZE"]
[Date "2018.07.28"]
[Round "9.80"]
[White "Monnisha, G K"]
[Black "Kim, Jinsoo"]
[Result "1/2-1/2"]
[WhiteElo "2292"]
[BlackElo "2038"]
[EventDate "2018.07.21"]

1. e4 c5 2. Nf3 e6 3. d4 cxd4 4. Nxd4 a6 5. Nc3 Qc7 6. Bd3 Nc6 7. Nxc6 dxc6
8. O-O e5 9. Be3 Nf6 10. h3 b5 11. a4 b4 12. Ne2 Bd6 13. Ng3 O-O 14. Qf3
Be6 15. Nf5 Bxf5 16. Qxf5 Qe7 17. Rac1 Bc5 18. Bg5 Rfd8 19. Kh1 Rd6 20. Qf3
h6 21. Bh4 Bd4 22. b3 a5 1/2-1/2

[Event "29th Czech Open A 2018"]
[Site "Pardubice CZE"]
[Date "2018.07.28"]
[Round "9.81"]
[White "Ajay Krishna, S"]
[Black "Haring, Viktor"]
[Result "1-0"]
[WhiteElo "2161"]
[BlackElo "2289"]
[EventDate "2018.07.21"]

1. Nf3 Nf6 2. g3 e6 3. Bg2 Be7 4. O-O O-O 5. d3 d5 6. Nc3 c5 7. e4 d4 8.
Ne2 Nc6 9. Ne1 e5 10. h3 b5 11. f4 Nd7 12. Nf3 c4 13. g4 exf4 14. Bxf4 cxd3
15. cxd3 Nc5 16. Bg3 Bb7 17. Bf2 Nb4 18. Nf4 Qb8 19. Nxd4 Qxf4 20. Nf5 Bd6
21. Bg3 Qxg3 22. Nxg3 Bxg3 23. a3 Nc6 24. d4 Rad8 25. d5 Ne5 26. Rc1 Nc4
27. Rf3 Bd6 28. b3 Ne5 29. Rfc3 Ncd7 30. a4 b4 31. Rc7 Bxc7 32. Rxc7 Ba6
33. Qd4 Rc8 34. Qxa7 Rxc7 35. Qxc7 Rc8 36. Qd6 Bd3 37. Qxb4 h6 38. Qa3 Rc3
39. a5 Bc4 40. a6 Rxb3 41. Qa1 Rb8 42. a7 Ra8 43. Qa5 Bb5 44. Qc7 Nc4 45.
Bf1 1-0

[Event "29th Czech Open A 2018"]
[Site "Pardubice CZE"]
[Date "2018.07.28"]
[Round "9.82"]
[White "Murko, David"]
[Black "Jurek, Josef"]
[Result "1-0"]
[WhiteElo "2149"]
[BlackElo "2277"]
[EventDate "2018.07.21"]

1. e4 e6 2. d4 d5 3. Nc3 Bb4 4. e5 c5 5. a3 Bxc3+ 6. bxc3 Ne7 7. Qg4 O-O 8.
Bd3 Nbc6 9. Qh5 Ng6 10. Nf3 Qc7 11. Be3 c4 12. Bxg6 fxg6 13. Qg4 Qf7 14.
Ng5 Qe8 15. h4 Bd7 16. a4 a5 17. Bc1 Ne7 18. Ba3 h6 19. Nh3 Qf7 20. Bxe7
Qxe7 21. Qxg6 Qxh4 22. g3 Qe4+ 23. Qxe4 dxe4 24. Nf4 Ra6 25. Ke2 Rb6 26.
Rhb1 Rxb1 27. Rxb1 Bxa4 28. Rxb7 Bxc2 29. Nxe6 Bd3+ 30. Ke1 Rf3 31. Rb8+
Kh7 32. Nf8+ Kg8 33. Ng6+ Kh7 34. Nh4 Rf7 35. e6 Ra7 36. Nf5 a4 37. e7 a3
38. e8=Q a2 39. Qg8+ Kg6 40. Nh4+ Kh5 41. Qe8+ Kg4 42. Qe6+ 1-0